| 000 | 01594cam a2200289 4500 | ||
|---|---|---|---|
| 002 | ##6867 | ||
| 008 | 000000n2003 000 0 eng u | ||
| 020 | _a184219125X | ||
| 035 | _a(Sirsi) u120913 | ||
| 041 | 0 | _aeng | |
| 050 | 0 | 4 | _a025.00285 $2 18 |
| 110 | 2 |
_aRoyal Institution of Chartered Surveyors _bConstruction Faculty _94214 |
|
| 245 | 0 | 0 |
_aElectronic document storage _blegal admissibility |
| 250 | _a2nd ed. | ||
| 260 |
_aLondon _bRICS _c2003 |
||
| 300 |
_a32p. _c30cm. |
||
| 490 | 0 | _aRICS Guidance Note | |
| 505 | 2 | _aCode of Practice - DISC PD 0008: 1999 -- Weight of evidence and document destruction -- Authenticity -- Photocopies, microfilm and image processing -- Document storage -- Storage and access procedures -- Format of the Code of Practice -- Specimen form for recording scanning information -- Specimen form for recording retrieval | |
| 520 | _aWithdrawn and archived Oct 2015. | ||
| 520 | _aLooks at authenticity and reliability of documents stored in this way and examines the requirements of BS Code of Practice - DISC PD 0008. Also considers the destruction of original documents, authenticity, alternative formats, document storage and access procedures. Includes specimen forms. | ||
| 520 | _aSupersedes first edition (ISBN 1842190350). | ||
| 650 | 2 | 4 | _aBS DISC PD 0008: 1999 |
| 651 | 4 |
_aEngland and Wales _y1543- |
|
| 690 | _aMANAGEMENT-BUSINESS MANAGEMENT-INFORMATION MANAGEMENT | ||
| 856 | 4 | 1 |
_uhttps://www.rics.org/Global/Downloads/Electronic_document_storage_2003.pdf _zView the guidance free of charge at www.rics.org/guidance... |
| 942 | _n0 | ||
| 999 |
_c102573 _d102573 |
||